| 000 | 00548nam a2200217Ia 4500 | ||
|---|---|---|---|
| 008 | 170918s9999 xx 000 0 und d | ||
| 020 | _a9780439566285 | ||
| 050 | _bH669 2003 | ||
| 100 | _aHirschmann, Kris | ||
| 245 | _aOwls, bats, wolves : | ||
| 245 | _band other nocturnal animals / | ||
| 245 | _cKris Hirschmann. | ||
| 260 | _aNew York : | ||
| 260 | _bScholastic, | ||
| 260 | _c2003 | ||
| 300 | _a32 pages : | ||
| 300 | _bcolored illustration ; | ||
| 300 | _c23cm. | ||
| 440 | _aWorld discovery science readers. | ||
| 500 | _a640 | ||
| 999 |
_c341756 _d341756 |
||